000
00303nam a22001337a 4500
008
171027b xxu||||| |||| 00| 0 eng d
020
_a
9780201784800
041
_a
eng
080
_a
336
100
_a
55
101
_a
MEN
245
_a
PRINCIPLES OF MANAGERIAL FINANCE
_c
GITMAN, L.J
942
_2
udc
_c
BK
999
_c
36040
_d
36040